000 00799nam a2200217 a 4500
001 000027921
003 DO-SdBNP
005 20250506092044.0
008 110405s2000 dr ad 000 0 spa d
020 _a999343504X
040 _aDO-SdBNP
_bspa
_cBNPHU
049 _aBNPD
100 1 _aGerónimo, Joaquín
_d1955-
_954987
245 1 3 _aLa reforma de la vivienda /
_cJoaquín Gerónimo; coordinador Amanda Castillo.
260 _aSanto Domingo :
_bComisión Presidencial para la Reforma y Modernización del Estado,
_c2000
_fEditora Amigo del Hogar
300 _a56 p. :
_bil., gráf. ;
_c22 cm.
490 0 _aConversatorios de la reforma
_v16
700 1 _aCastillo, Amada
_ecoor.
_954982
710 2 _aComisión Presidencial para la Reforma y Modernización del Estado
_936243
942 _2ddc
_cLBS1
999 _c27413
_d27413